000 01303nam a22002897a 4500
999 _c113007
_d113007
003 dpl
005 20190115124727.0
008 190115b ||||| |||| 00| 0 eng d
010 _aB-037322
020 _c140.00
_a8126305231
035 _aB-037322, B-037326
037 _bCen Lib/Ret
040 _aDPL
_bHN
_c0
082 _a821
_bवर्माम
245 _aमहादेवी :
_cसंकलन-संपादक रामजी पाण्डेय
_bप्रतिनिधि कवितायेँ /
246 _aMahadevi : pratinidhi kavitayen /
_bedited by Ramji Pandey
250 _aछठा संस्करण
260 _aनयी दिल्ली
_bभारतीय ज्ञानपीठ
_c2000
270 _a18, इंस्टीट्यूशनल एरिया, लोधी रोड
_bनयी दिल्ली
_e110032
300 _a212पृ.
_c21सेमी (सजिल्द)
650 _aहिंदी साहित्य
_950215
650 _aहिंदी साहित्य --काव्य
_950216
650 _aHindi literature
_950217
650 _aHindi literature--Poetry
_950218
700 _a पाण्डेय, रामजी
_950164
942 _2ddc
_cHN
_h821
_mवर्माम